Metodika kalkulácie vlastných nákladov poľnohospodárskych výrobkov príručka

Bibliographic Details
Main Author: Cenigová, Anna (Author)
Format: Book
Language:Slovak
PhysicalDescription:55 s. tab. 30 cm
Published: Bratislava Výskumný ústav ekonomiky poľnohospodárstva a potravinárstva Slovenská poľnohospodárska a potravinárska komora 2000
ISBN:8096748351
Edition:2. aktualizované a preprac. vyd.
Subjects:

MARC

LEADER 00000nam a2200000 a 4500
001 vtls001454355
003 SK-MaSNL
005 20260301054553.0
008 240226s2000 xo g 000 yyslo
015 |a SNBA2003/06-02040 
020 |a 8096748351 
035 |a SNK000409662 
035 |a urn:nbn:sk:snk-amlrxv 
035 |a urn:nbn:sk:snk-am00c8ym 
035 |a 0FDB69C6-7BD4-4DCE-97BC-901731AAF998 
040 |a SNK  |b slo  |c SNK  |e AACR2 
041 0 |a slo 
044 |a xo  |c SK 
072 7 |a 631  |x Poľnohospodárstvo. Pedológia. Agrotechnika. Agroekológia  |2 konspekt 
080 |a 631  |2 1981 
080 |a 631.57  |2 1981 
080 |a 657.474.5  |2 1981 
080 |a (035)  |2 1981 
100 1 |a Cenigová, Anna  |4 aut  |4 pbl  |9 253905 
245 1 |a Metodika kalkulácie vlastných nákladov poľnohospodárskych výrobkov  |b príručka  |c Anna Cenigová 
250 |a 2. aktualizované a preprac. vyd. 
260 |a Bratislava  |b Výskumný ústav ekonomiky poľnohospodárstva a potravinárstva  |b Slovenská poľnohospodárska a potravinárska komora  |c 2000 
300 |a 55 s.  |b tab.  |c 30 cm 
500 |a Vydala Anna Cenigová, Bratislava 
500 |a 800 výt. 
650 0 7 |a poľnohospodárstvo  |2 SNKPH  |9 679 
650 0 7 |a poľnohospodárske výrobky  |2 SNKPH  |9 20059 
650 0 7 |a kalkulácie nákladov  |2 SNKPH  |9 2321 
655 7 |a príručky  |2 SNKPH  |9 74364 
919 |a 80-967483-5-1 
968 |d 63 
999 |c 611247  |d 613177 
952 |t P60, <03>, [BOOK], {603}  |a SNK  |b SNK  |y PREZ  |7 0  |p 17A0385269  |o snkSB 66769  |i snkKSP 6701/2003  |0 0  |1 0  |4 0  |d 2003-06-02  |f 1  |l 0  |r 2025-04-23 00:00:00  |w 2026-02-23